000 00527nam a2200181Ia 4500
003 GCL
008 140319s9999 xx 000 0 ara d
040 _aGCL /
_cGCL
082 0 4 _a794.1
_bط ش
100 1 _aطاهر احمد عوض الشاذلى
245 1 0 _aالشطرنج فى 24 ساعة /
_cطاهر احمد عوض الشاذلى
300 _a110 ص
490 _aالالف كتاب
_v0
650 0 4 _aالرياضيات
650 0 4 _aالشطرنج
650 0 4 _aالرياضة الذهنية
942 _2ddc
_cBK
999 _c49636
_d49636